Sports Quiz

Random Sports Quiz
Score 0/20 Timer 10:00
0 Plays Today
Year Opponent % Correct
2007 Elite EightFlorida
85.4%
1939 1st RoundTexas
75%
1939 National ChampionshipOhio State
75%
1995 1st RoundTexas
75%
2002 Sweet SixteenTexas
75%
2002 Elite EightKansas
75%
2007 Sweet SixteenUNLV
70.8%
2008 1st RoundMississippi State
70.8%
1960 Sweet SixteenUtah
64.6%
2003 1st RoundUtah
64.6%
Year Opponent % Correct
2002 2nd RoundWake Forest
56.3%
2007 1st RoundMiami Ohio
47.9%
2002 1st RoundMontana
45.8%
2000 1st RoundSeton Hall
43.8%
2007 2nd RoundWinthrop
43.8%
1961 1st RoundUSC
39.6%
1939 Final FourOklahoma
37.5%
1945 1st RoundArkansas
31.3%
1960 Elite EightCalifornia
31.3%
1960 1st RoundNew Mexico State
14.6%

You're not logged in!

Compare scores with friends on all Sporcle quizzes.
OR
Log In

From the Vault

2-Word '90s Movies

by heatherksalem

We can't speak for all the characters in these films, but at least one of them was a pretty sharp guy.

You Might Also Like...

Remove Ads.
Support Sporcle.
Get the best of Sporcle when you Go Orange. This ad-free experience offers more features, more stats, and more fun while also helping to support Sporcle. Thank you for becoming a member.

Show Comments

Extras

Created Mar 14, 2011ReportNominate
Tags:Oregon Ducks

Top Quizzes Today


Score Distribution

Your Account Isn't Verified!

In order to create a playlist on Sporcle, you need to verify the email address you used during registration. Go to your Sporcle Settings to finish the process.

Report this User

Report this user for behavior that violates our Community Guidelines.

Details: